000 00450nam a22001697a 4500
005 20251108172307.0
008 250721s1971 xx 000 0 ara d
082 1 4 _a799.2/حسي
100 1 _aزين العابدين، حسين فرج
245 1 0 _aصيد الوحوش /
264 _bدار الفكر العربي،
_c1971.
300 _a199ص
650 1 7 _aالصيد
650 1 7 _aالحيوانات
942 _2ddc
_cBK
999 _c75368
_d75368